| 000 | 00499nam a22001697a 4500 | ||
|---|---|---|---|
| 003 | CEME | ||
| 005 | 20210628201952.0 | ||
| 008 | 210129b xxu||||| |||| 00| 0 eng d | ||
| 040 | _c. | ||
| 082 | _a923.25491 GBU | ||
| 100 |
_aZulfikar Ali Bhutto,Bhutto, Zulfikar Ali _957649 |
||
| 245 | _aAwakening the people,a collection of articles, statements and speeches | ||
| 260 |
_aLAHORE _bCLARK PUBLISHING,CLASSIC _c2002 |
||
| 300 | _a244P | ||
| 650 |
_aAWAKENING THE PEOPLE _957650 |
||
| 942 |
_cBK _2ddc |
||
| 999 |
_c567922 _d567922 |
||